000 00972nam a22002417a 4500
999 _c65548
_d65548
005 20240530110830.0
008 190903s2005 ua a g b 000 0 ara d
017 _bمصر. دار الكتب
040 _aEG-CaGPL
_cEG-CaGPL
082 0 4 _221
_a810.8 \
_bغ ج
100 1 _aابى الغنائم مسلم بن محمود الشيزرى
245 1 0 _aجمهرة الاسلام ذات النثر والنظام /
_cابى الغنائم مسلم بن محمود الشيزرى ؛ تحقيق محمد ابراهيم حور
250 _aط.1
260 _aالقاهرة :
_c2005
300 _a1237 ص. ؛
_c24 سم.
650 0 7 _2qrmak
_aالقصص العربية
_xتاريخ ونقد
650 0 7 _aالشعر العربى
_xمختارات
_2qrmak
650 0 7 _aالنثر العربى
_xمختارات
_2qrmak
651 _2qrmak
700 0 _aمحمد ابراهيم حور
_eمحقق
942 _2ddc
_cBK